Statistics for friends tricky quiz

Click here to take the quiz!

General Stats

  • This quiz has been taken 393 times
  • The average score is 7 of 15

Answer Stats

HintAnswer% Correct
_________ was pregnant when monica and chandler got marriedrachel
99%
________ was the first person to know emily out of the 6 friendsrachel
99%
_______ was picked to walk phoebe down the islejoey
93%
ross said ________ name at his weddingrachel's
84%
in the last episode monica said we have all ______ here some stagelived
71%
In the theme tune of friends 'when it hasnt been your day, ______or month...'week
55%
Emily popped open a ________ on her wedding with rosswindow
53%
rachel has been the bride in _______ weddingstwo
45%
___________ ended up walking phoebe down the _____.chandler isle
43%
monicas chocolates for the neighbours were called ''______ drops of heaven''little
43%
charlie kissed __________ at his work place when ross was therebenjamin
20%
joey hated ________janice
16%
phoebe had _________ when she rode her bikestabilisers
5%
ross kissed _____ ______ at college after making a pact with chandleradrian turner
1%
_____ _______sings before the adverts come on when the break startssam smith
0%

Score Distribution

Percentile by Number Answered

Percent of People with Each Score

Your Score History

You have not taken this quiz